Xây dựng hệ thống kĩ năng cần hình thành và phát triển cho học sinh trong môn lịch sử ở trường phổ thông /

Gespeichert in:
Bibliographische Detailangaben
1. Verfasser: Nguyễn Mạnh Hưởng, TS.
Weitere Verfasser: Nguyễn Văn Ninh, TS.
Format: Artikel
Sprache:Vietnamese
Schlagworte:
Tags: Tag hinzufügen
Keine Tags, Fügen Sie den ersten Tag hinzu!
Thư viện lưu trữ: Thư viện Trường Đại học Đà Lạt
LEADER 00957nam a2200289 4500
001 DLU180186562
005 ##20180830
040 # # |a DLU  |b vie 
041 # # |a vie 
044 # # |a vn 
100 # # |a Nguyễn Mạnh Hưởng,   |c TS. 
245 # # |a Xây dựng hệ thống kĩ năng cần hình thành và phát triển cho học sinh trong môn lịch sử ở trường phổ thông /  |c Nguyễn Mạnh Hưởng, Nguyễn Văn Ninh. 
653 # # |a Dạy học lịch sử 
653 # # |a Kĩ năng 
653 # # |a Môn Lịch sử 
653 # # |a Năng lực 
700 # # |a Nguyễn Văn Ninh,   |c TS. 
773 # # |t Tạp chí dạy và học ngày nay  |g Số 2, 2015, tr. 30-33 
920 # # |a Phòng Tạp chí -- Trung tâm Thông tin - Thư viện Trường Đại học Đà Lạt 
994 # # |a DLU 
900 # # |a True 
911 # # |a Trần Thị Minh Hương 
925 # # |a G 
926 # # |a A 
927 # # |a BB 
980 # # |a Thư viện Trường Đại học Đà Lạt